Practical plant breeding /

Guardado en:
Autor Principal: Lawrence, William J.C.
Formato: Libro
Idioma:English
Publicado: London : G.Allen 7 Unwin, 1965.
Edición:3. ed.
Etiquetas: Agregar Etiqueta
Sin Etiquetas, Sea el primero en etiquetar este registro!
LEADER 00473nam a22001575a 4500
001 EUN.um044591
003 AR-BaUNS
005 20050623122914.0
008 041125s1965####xxka##########000#0#eng#d
245 1 0 |a Practical plant breeding /  |c William J.C. Lawrence. 
260 |a London :  |b G.Allen 7 Unwin,  |c 1965. 
300 |a 164 p. :  |b ilus. ;  |c 19 cm. 
100 1 |a Lawrence, William J.C. 
082 0 4 |a 635.9 
250 |a 3. ed. 
859 |a Ar-BaUNS  |b BIB. CENTRAL - Sector C  |h 635.9  |i L439a3  |p 55068/970